Financial engineering: derivatives and risk management
Збережено в:
| Автори: | , |
|---|---|
| Формат: | Книга |
| Мова: | Англійська |
| Опубліковано: |
Chichester
John Wiley
2001
|
| Предмети: | |
| Теги: |
Додати тег
Немає тегів, Будьте першим, хто поставить тег для цього запису!
|
MARC
| LEADER | 00000nam a2200000 a 4500 | ||
|---|---|---|---|
| 001 | UCK3029 | ||
| 003 | CL-VaPUC | ||
| 008 | 050408e20010000UK |||||||||||||||||eng|d | ||
| 020 | |a 0471495840 | ||
| 082 | 0 | 4 | |a 332.632 |b CUT |2 21 |
| 100 | 0 | |a Cuthbertson, Keith |e author |9 491060 | |
| 700 | 0 | |a Nitzsche, Dirk |e author |9 491061 | |
| 245 | 1 | 0 | |a Financial engineering: derivatives and risk management |
| 300 | |a 776 p | ||
| 942 | |c BK | ||
| 945 | |d 20050408 00:00:00 |a cmena | ||
| 260 | |a Chichester |b John Wiley |c 2001 | ||
| 650 | 0 | |a Mercado de capitales |9 330596 | |
| 650 | 0 | |a Inversiones de capital |9 271545 | |
| 650 | 0 | |a Procesos estocásticos |9 260364 | |
| 650 | 0 | |a Planificación estratégica |9 259735 | |
| 650 | 0 | |a Administración financiera |9 261146 | |
| 583 | |a last modification |c 20050408 00:00:00 |k Rodrigo Vera | ||
| 999 | |c 312375 |d 312373 | ||
| 952 | |0 0 |1 0 |4 0 |6 332_632000000000000_CUT_2001 |7 0 |8 A |9 382675 |a BIBGIM |b BIBGIM |d 2019-11-21 |i 4109872 |o 332.632 CUT 2001 |p 4109872 |r 2025-01-15 |w 2019-11-21 |y BK |k COM | ||
| 952 | |0 0 |1 0 |4 0 |6 332_632000000000000_CUT_2001 |7 0 |8 A |9 382676 |a BIBGIM |b BIBGIM |d 2019-11-21 |i 4114744 |l 1 |o 332.632 CUT 2001 |p 4114744 |r 2025-01-15 |s 2021-12-13 |w 2019-11-21 |y BK |k COM | ||